000 00503nam a2200133Ia 4500
008 181023s9999 xx 000 0 und d
020 _a9789719806110
100 _aJoven, Arnel E.
245 _cArnel E. Joven
_aPhilippine politics and governance for senior high school/
260 _aQuezon City:
_bC and E Publishing, Inc.
_c2017
300 _aviii, 343 pages :
_bcol. illustration ;
_c25 cm.
500 _aIncludes bibliographical reference and index
650 _aPolitics and government -- Philippines
999 _c359409
_d359409